Tennis - Le top 20 du classement ATP au 1er janvier 2015 - Statistiques

Statistiques générales
  • Ce quiz a été pris 52 fois
  • Le résultat moyen est 15 sur 20
Statistiques - réponses
Rang Joueur Pays Âge Points % Correct
1 Novak Djokovic Serbie 27 11 360
100%
3 Rafael Nadal Espagne 28 6 835
100%
2 Roger Federer Suisse 33 9 775
100%
4 Stan Wawrinka Suisse 29 5 370
98%
6 Andy Murray Royaume-Uni 27 4 675
94%
12 Jo-Wilfried Tsonga France 29 2 740
94%
18 Gael Monfils France 28 1 900
92%
5 Kei Nishikori Japon 25 5 025
88%
11 Grigor Dimitrov Bulgarie 23 3 645
85%
10 David Ferrer Espagne 32 4 045
81%
8 Milos Raonic Canada 24 4 440
77%
9 Marin Cilic Croatie 26 4 150
75%
7 Tomas Berdych Tchéquie 29 4 600
75%
16 Kevin Anderson Afrique du Sud 28 2 080
71%
20 Fabio Fognini Italie 27 1 790
60%
19 John Isner États-Unis 29 1 890
60%
15 Roberto Bautista Agut Espagne 26 2 110
56%
13 Ernest Gulbis Lettonie 26 2 455
52%
14 Feliciano Lopez Espagne 33 2 130
25%
17 Tommy Robredo Espagne 32 2 015
15%
Aucun quiz correspondant
Distribution des résultats
% des personnes avec chaque résultat
Percentile par nombre de réponses
Votre historique - résultats
Vous n’avez pas pris ce quiz